|
|
|
|
| LEADER |
01961nam a2200421 i 4500 |
| 001 |
EBC5051097 |
| 003 |
MiAaPQ |
| 005 |
20200520144314.0 |
| 006 |
m o d | |
| 007 |
cr cnu|||||||| |
| 008 |
171027t20172017it ob 000 0 ita d |
| 020 |
|
|
|z 9788892109445
|
| 020 |
|
|
|a 9788892168053
|q (electronic bk.)
|
| 035 |
|
|
|a (MiAaPQ)EBC5051097
|
| 035 |
|
|
|a (Au-PeEL)EBL5051097
|
| 035 |
|
|
|a (CaPaEBR)ebr11445045
|
| 035 |
|
|
|a (OCoLC)1004984352
|
| 040 |
|
|
|a MiAaPQ
|b eng
|e rda
|e pn
|c MiAaPQ
|d MiAaPQ
|
| 050 |
|
4 |
|a HF5387
|b .P655 2017
|
| 082 |
0 |
|
|a 174.4
|2 23
|
| 100 |
1 |
|
|a Pollifroni, Massimo,
|e author.
|
| 245 |
1 |
2 |
|a L'etica aziendale nei processi di globalizzazione dei mercati :
|b paradigmi, determinanti, valutazioni /
|c Massimo Pollifroni.
|
| 264 |
|
1 |
|a Torino, [Italy] :
|b G. Giappichelli Editore,
|c 2017.
|
| 264 |
|
4 |
|c 2017
|
| 300 |
|
|
|a 1 online resource (137 pages).
|
| 336 |
|
|
|a text
|2 rdacontent
|
| 337 |
|
|
|a computer
|2 rdamedia
|
| 338 |
|
|
|a online resource
|2 rdacarrier
|
| 490 |
1 |
|
|a Studi di ragioneria e di economia aziendale ;
|v 71
|
| 504 |
|
|
|a Includes bibliographical references.
|
| 588 |
|
|
|a Description based on online resource; title from PDF title page (ebrary, viewed October 25, 2017).
|
| 590 |
|
|
|a Electronic reproduction. Ann Arbor, MI : ProQuest, 2016. Available via World Wide Web. Access may be limited to ProQuest affiliated libraries.
|
| 650 |
|
0 |
|a Business ethics.
|
| 655 |
|
4 |
|a Electronic books.
|
| 776 |
0 |
8 |
|i Print version:
|a Pollifroni, Massimo.
|t Etica aziendale nei processi di globalizzazione dei mercati : paradigmi, determinanti, valutazioni.
|d Torino, [Italy] : G. Giappichelli Editore, c2017
|h viii, 122 pages
|k Studi di ragioneria e di economia aziendale (Turin, Italy) ; 71.
|z 9788892109445
|
| 797 |
2 |
|
|a ProQuest (Firm)
|
| 830 |
|
0 |
|a Studi di ragioneria e di economia aziendale (Turin, Italy) ;
|v 71.
|
| 856 |
4 |
0 |
|u https://ebookcentral.proquest.com/lib/matrademy/detail.action?docID=5051097
|z Click to View
|